Sports Quiz

Random Sports or City Quiz

Opening Day Kansas City Chiefs Roster 2017-2018 Season Quiz Stats

 Plays Quiz not verified by Sporcle

Score 0/53 Timer 10:00
0 Plays Today
Position Player % Correct
QBAlex Smith
93.7%
WRTyreek Hill
92.9%
RBKareem Hunt
92.9%
QBPatrick Mahomes
92.9%
TETravis Kelce
91.3%
LBTerrance Smith
90.5%
DBEric Berry
87.3%
LBJustin Houston
86.5%
DBMarcus Peters
86.5%
LBDerrick Johnson
84.1%
WRChris Conley
81%
DLChris Jones
79.4%
RBCharcandrick West
78.6%
OLEric Fisher
77%
TEDemetrius Harris
75.4%
KCairo Santos
72.2%
LBDee Ford
67.5%
WRAlbert Wilson
67.5%
LBRamik Wilson
67.5%
PDustin Colquitt
65.9%
WRDe'Anthony Thomas
65.1%
QBTyler Bray
64.3%
WRDemarcus Robinson
62.7%
DLAllen Bailey
61.1%
OLMitch Morse
59.5%
DBPhillip Gaines
55.6%
OLLaurent Duvernay-Tardif
50.8%
Position Player % Correct
LBReggie Ragland
50%
DBDaniel Sorensen
50%
DBRon Parker
49.2%
OLMitchell Schwartz
49.2%
WRJehu Chesson
48.4%
LBFrank Zombo
48.4%
RBCJ Spiller
46.8%
OLZach Fulton
43.7%
DBTerrance Mitchell
42.9%
RBAnthony Sherman
42.9%
DLBennie Logan
42.1%
DBEric Murray
39.7%
TERoss Travis
39.7%
SPJames Winchester
34.1%
DBKenneth Acker
31%
OLBryan Witzmann
28.6%
DLJarvis Jenkins
27%
DLRakeem Nunez-Roches
27%
LBKevin Pierre-Louis
27%
OLCameron Erving
26.2%
LBTanoh Kpassagnon
26.2%
OLParker Ehinger
25.4%
DBDJ White
21.4%
OLJordan Devey
20.6%
LBUkeme Eligwe
19.8%
DTRoy Miller
18.3%

You're not logged in!

Compare scores with friends on all Sporcle quizzes.
OR
Log In

Sporcle TV

Today on Sporcle TV


Watch our educational content, quiz creation guides, and fun videos on Sporcle TV.

Show Comments

Extras

Top Quizzes Today


Score Distribution

Your Account Isn't Verified!

In order to create a playlist on Sporcle, you need to verify the email address you used during registration. Go to your Sporcle Settings to finish the process.

Report this User

Report this user for behavior that violates our Community Guidelines.

Details: